000
00303nam a22001217a 4500
008
181011b xxu||||| |||| 00| 0 eng d
041
_a
eng
080
_a
030
100
_a
23
101
_a
ENC
245
_a
Marx, Boswell, Herodotus and American State Papers.
_c
Britannica Great Books
942
_2
udc
_c
BK
999
_c
49440
_d
49440